00549nam a2200181Ia 4500003000400000005001700004008004100021040000600062041000800068082001200076100001900088245002000107260004100127520004400168942001200212999001700224952012600241OSt20251117110126.0240719s9999 xx 000 0 und d c2 aeng a823 JAC aJackson Holly  aAs Good As Dead aLondonbFarshore HarperCollinsc2021 aFaculty Purchase By Dr. Jitendra Sharma 2ddccBK c41505d41505 00104070aIMTNbIMTNcRack 40-Bd2024-07-16eAmazonl3o823 JACp33554r2026-01-15 19:50:17s2026-01-06w2024-06-28yBK